Nationalism and colonialism in Modern India (Record no. 34132)

MARC details
000 -LEADER
fixed length control field 00297nam a2200109Ia 4500
082 ## - DEWEY DECIMAL CLASSIFICATION NUMBER
Classification number 325.3(540)
Item number BIP
100 ## - MAIN ENTRY--AUTHOR NAME
Personal name Bipan Chandra
245 #0 - TITLE STATEMENT
Title Nationalism and colonialism in Modern India
260 ## - PUBLICATION, DISTRIBUTION, ETC. (IMPRINT)
Place of publication New delhi
Name of publisher Orient Longman
Year of publication 1979
942 ## - ADDED ENTRY ELEMENTS (KOHA)
Koha item type Books
Holdings
Withdrawn status Lost status Damaged status Not for loan Home library Current library Date acquired Cost, normal purchase price Full call number Accession Number Koha item type
        RRII Library RRII Library 16/12/2021 100.00 325.3(540) BIP 14572 Books